Geburtsorte der Berliner Stadtbevölkerung - Statistiken

Allgemein
  • Dieses Quiz wurde 71 mal gespielt
  • Das Durchschnittsergebnis liegt bei 21 aus 34
Antwortstatistiken
Einwohner Geburtsort % Korrekt
10'737 {Moskau}, Russland
98%
9335 {Kyjiw}, Ukraine
95%
6453 {İstanbul}, Türkei
91%
16'794 München
88%
23'632 Hamburg
86%
9350 Köln
86%
9700 Stuttgart
83%
15'693 Dresden
81%
15'203 Leipzig
79%
20'101 {Damaskus}, Syrien
78%
10'694 Frankfurt am Main
78%
5477 {Hanoi}, Vietnam
78%
9833 {Teheran}, Iran
78%
14'848 Potsdam
76%
10'047 Hannover
74%
7516 Düsseldorf
72%
5630 {Beirut}, Libanon
66%
6731 Chemnitz
64%
6167 Cottbus
62%
5451 Essen
60%
10'511 {Aleppo}, Syrien
55%
5089 Erfurt
55%
5762 {Odessa}, Ukraine
55%
9609 Halle (Saale)
53%
5414 Brandenburg an der Havel
52%
5922 {Szczecin}, Polen
52%
5028 Freiburg im Breisgau
43%
7756 Bonn
40%
5084 Braunschweig
40%
5662 {Charkiw}, Ukraine
38%
5056 Münster
34%
7969 Königs Wusterhausen
10%
6404 Bernau bei Berlin
2%
5671 {Tschernowitz}, Ukraine
0%
Keine übereinstimmenden Quizze gefunden
Verteilung der Resultate
Anzahl Personen mit jedem Resultat
Perzentil nach korrekt beantworteten Fragen
Ihre Resultats-Entwicklung
Sie haben dieses Quiz noch nicht gespielt